| 000 | 00866cam a22002773a 4500 | ||
|---|---|---|---|
| 001 | 29412 | ||
| 003 | PGUSA | ||
| 005 | 20140828083633.0 | ||
| 008 | 090714s2009||||xxu|||||s|||||000 | eng d | ||
| 040 |
_aPGUSA _beng |
||
| 042 | _adc | ||
| 050 | 4 | _aBF | |
| 100 | 1 |
_aCalmet, Augustin, _d1672-1757 |
|
| 245 | 1 | 4 |
_aThe Phantom World ; _bor, The philosophy of spirits, apparitions, &c, &c. _h[electronic resource] / _cAugustin Calmet |
| 260 |
_bProject Gutenberg, _c2009 |
||
| 506 | _aPublic domain in the USA. | ||
| 516 | _aElectronic text | ||
| 653 | _aSpirits | ||
| 653 | _aDemonology | ||
| 653 | _aApparitions | ||
| 700 | 1 |
_aChristmas, Henry, _d1811-1868 |
|
| 740 | 0 | _aDissertations sur les apparitions des anges, des démons et des esprits. English | |
| 830 | 0 |
_aProject Gutenberg _v29412 |
|
| 856 | 4 | 0 | _uhttp://www.gutenberg.org/ebooks/29412 |
| 942 | _cEB | ||
| 999 |
_c258667 _d258667 |
||